Nom de famille les plus rependus en france - Statistiques

Statistiques générales
  • Ce quiz a été pris 128 fois
  • Le résultat moyen est 2 sur 10
Statistiques - réponses
reponse % Correct
1 martin
84%
9 dubois
28%
4 petit
28%
2 bernard
26%
3 thomas
22%
5 robert
16%
7 durant
15%
6 richard
13%
10 sissoko
2%
8 traore
1%
Aucun quiz correspondant
Distribution des résultats
% des personnes avec chaque résultat
Percentile par nombre de réponses
Votre historique - résultats
Vous n’avez pas pris ce quiz